[Event "Kieler Open 2017-A"]
[Site "Kiel"]
[Date "2017.07.30"]
[Round "4.23"]
[White "Buchholz, Sebastian"]
[Black "Weißhorn, Lasse"]
[Result "1-0"]
[WhiteElo "2134"]
[BlackElo "1745"]
[Annotator "hjh"]
[PlyCount "65"]

1. e4 e5 2. Nf3 Nc6 3. Nc3 Nf6 4. d4 exd4 5. Nxd4 Bb4 6. Nxc6 bxc6 7. Bd3 O-O
8. O-O d5 9. exd5 cxd5 10. Bg5 c6 11. h3 Be6 12. Qf3 Be7 13. Rad1 Rb8 14. Bc1
Qc7 15. b3 Rfd8 16. Bf4 Bd6 17. Bd2 Qb7 18. Ne2 Qc8 19. Nd4 c5 20. Nf5 Bf8 21.
Bg5 c4 22. Bxf6 gxf6 23. bxc4 dxc4 24. Be4 Rb5 25. Rxd8 Qxd8 26. Qh5 Bxf5 27.
Bxf5 h6 28. Bh7+ Kxh7 29. Qxb5 Qd4 30. Qf5+ Kh8 31. Re1 Bc5 32. Re8+ Kg7 33.
Qg4+ 1-0

[Event "Kieler Open 2017-A"]
[Site "Kiel"]
[Date "2017.07.30"]
[Round "4.24"]
[White "Schramm, Bernd"]
[Black "Haffner, Alexander"]
[Result "0-1"]
[WhiteElo "2036"]
[BlackElo "2113"]
[Annotator "hjh"]
[PlyCount "76"]

1. e4 g6 2. d4 Bg7 3. Nc3 d6 4. Be3 Nf6 5. Be2 O-O 6. h3 c6 7. Nf3 b5 8. a3 a6
9. O-O Bb7 10. Qd2 Re8 11. Rad1 Qc7 12. e5 Nd5 13. Nxd5 cxd5 14. exd6 Qxd6 15.
Bf4 Qb6 16. c3 Nc6 17. Rfe1 Rad8 18. Bd3 a5 19. Bh6 Bf6 20. Qf4 b4 21. axb4
axb4 22. Ne5 bxc3 23. bxc3 Nxe5 24. dxe5 Bg7 25. Bxg7 Kxg7 26. e6 f6 27. Rb1
Qa7 28. Qc7 Rb8 29. Rb3 Kf8 30. Reb1 Rec8 31. Qf4 Kg7 32. c4 dxc4 33. Bxc4 g5
34. Qc1 Be4 35. Rxb8 Rxb8 36. Rxb8 Qxb8 37. Bf1 Qd6 38. Qc8 Qd1 $138 {ZÜ} 0-1

[Event "Kieler Open 2017-A"]
[Site "Kiel"]
[Date "2017.07.30"]
[Round "4.25"]
[White "Müller, Jan Hendrik"]
[Black "Lippmann, Kai"]
[Result "1-0"]
[WhiteElo "2109"]
[BlackElo "1959"]
[Annotator "hjh"]
[PlyCount "67"]

1. c4 c6 2. Nf3 d5 3. g3 e6 4. Bg2 f5 5. b3 Nf6 6. O-O Bd6 7. Bb2 O-O 8. d3 Qe7
9. Nc3 Bd7 10. e4 fxe4 11. dxe4 dxe4 12. Ng5 e3 13. fxe3 Bc5 14. Qd3 Be8 15.
Nce4 Bg6 16. Nxf6+ gxf6 17. Ne4 Nd7 18. Qe2 Rad8 {(=)} 19. Rad1 e5 20. g4 Bb4
21. Ng3 Kh8 22. Nf5 Bxf5 23. Rxf5 Rg8 24. h4 Nf8 25. g5 Ng6 26. Rxd8 Qxd8 27.
Rxf6 Qe8 28. Qg4 Be7 29. Re6 Qd7 30. h5 Nf8 31. Bxe5+ Rg7 32. h6 Kg8 33. hxg7
Nxe6 34. Bh3 1-0

[Event "Kieler Open 2017-A"]
[Site "Kiel"]
[Date "2017.07.30"]
[Round "4.26"]
[White "Rieper, Julian"]
[Black "van Foreest, Machteld"]
[Result "1-0"]
[WhiteElo "2048"]
[BlackElo "1793"]
[Annotator "hjh"]
[PlyCount "69"]

1. e4 c5 2. Nf3 e6 3. d4 cxd4 4. Nxd4 Nc6 5. Nc3 Qc7 6. Be3 a6 7. a3 Nf6 8. Be2
Be7 9. O-O O-O 10. f4 d6 11. Bf3 Nxd4 12. Bxd4 e5 13. fxe5 dxe5 14. Bf2 Rd8 15.
Qe2 Be6 16. Rfd1 Bc5 17. Na4 Bxf2+ 18. Qxf2 b5 19. Nc5 Bg4 20. Rxd8+ Qxd8 21.
Rd1 Qe7 22. b4 Bxf3 23. Qxf3 a5 24. Qd3 axb4 25. axb4 g6 26. Qxb5 Rd8 27. Rxd8+
Qxd8 28. Qd3 Qa8 29. h3 Qa1+ 30. Kh2 Qc1 31. Qf3 Kg7 32. c3 h5 33. Qg3 Qh6 34.
Qxe5 g5 35. Nd7 1-0

[Event "Kieler Open 2017-A"]
[Site "Kiel"]
[Date "2017.07.30"]
[Round "4.27"]
[White "Papesch, Dennis"]
[Black "Ritter, Uwe"]
[Result "1/2-1/2"]
[WhiteElo "1825"]
[BlackElo "2056"]
[Annotator "hjh"]
[PlyCount "138"]

1. d4 Nf6 2. Nf3 e6 3. c4 c5 4. d5 exd5 5. cxd5 d6 6. Nc3 g6 7. e4 Bg7 8. Be2
O-O 9. O-O a6 10. a4 Bg4 11. Nd2 Bxe2 12. Qxe2 Nbd7 13. Nc4 Nb6 14. f4 Nxc4 15.
Qxc4 Ng4 16. Ne2 Qh4 17. h3 b5 18. Qd3 c4 19. Qf3 Nh6 20. Qa3 Qd8 21. Bd2 Re8
22. Ng3 Bd4+ 23. Kh1 Rb8 24. Bc3 Bc5 25. Bb4 Bxb4 26. Qxb4 Qc7 27. axb5 Rxb5
28. Qa4 Rc8 29. Qc2 Rb3 30. Ne2 Qb7 31. Rfb1 f5 32. Nc3 Re8 33. Ra4 Rb4 34.
Rxb4 Qxb4 35. Ra1 Qb6 36. Ra4 Qe3 37. Rxa6 Qxf4 38. Qa4 Rf8 39. Ra8 fxe4 40.
Rxf8+ Qxf8 41. Qxc4 e3 42. Qe2 Qf2 43. g4 Qg3 44. Qg2 Qe1+ 45. Kh2 Nf7 46. Qe2
Qc1 47. Nd1 Qd2 48. Qxd2 exd2 49. Kg3 Kg7 50. Kf4 Kf6 51. Ke3 Ke5 52. Kxd2 Ng5
53. Nf2 Kxd5 54. Ke3 Kc4 55. h4 Nf7 56. Ne4 d5 57. Nd2+ Kc5 58. Nb3+ Kb4 59.
Nd4 Ne5 60. Kf4 Nd3+ 61. Kg5 Kc4 62. Ne6 Ne5 63. h5 Nf7+ 64. Kf6 gxh5 65. gxh5
Nh6 66. Kg7 Ng4 67. Kxh7 Nf6+ 68. Kg6 Nxh5 69. Kxh5 Kb3 1/2-1/2

[Event "Kieler Open 2017-A"]
[Site "Kiel"]
[Date "2017.07.30"]
[Round "4.28"]
[White "Jordan, Christian"]
[Black "Farokhi, Keyvan"]
[Result "1-0"]
[WhiteElo "2182"]
[BlackElo "1726"]
[Annotator "hjh"]
[PlyCount "67"]

1. e4 c5 2. Nf3 Nc6 3. Bb5 g6 4. Bxc6 dxc6 5. d3 Bg7 6. h3 e5 7. Nc3 Nh6 8. Be3
b6 9. Qd2 Ng8 10. O-O Ne7 11. Bh6 O-O 12. Bxg7 Kxg7 13. Nxe5 Qc7 14. f4 f6 15.
Nf3 Ba6 16. Rae1 Rad8 17. Ne2 Nc8 18. Qc3 Nd6 19. a4 Kg8 20. Ng3 Rde8 21. e5
fxe5 22. fxe5 Nf7 23. Ne4 Re6 24. Nfg5 Nxg5 25. Rxf8+ Kxf8 26. Nxg5 Re7 27. e6
Kg8 28. Nf7 Rxf7 29. exf7+ Qxf7 30. Qe5 c4 31. dxc4 Bxc4 32. b3 Ba6 33. Qd6 g5
34. Qd8+ 1-0

[Event "Kieler Open 2017-A"]
[Site "Kiel"]
[Date "2017.07.30"]
[Round "4.29"]
[White "Gehlsen, René"]
[Black "Schaefer, Martin"]
[Result "0-1"]
[WhiteElo "1635"]
[BlackElo "2001"]
[Annotator "hjh"]
[PlyCount "88"]

1. d4 f5 2. c4 d6 3. g3 g6 4. Bg2 Bg7 5. Nc3 Nf6 6. Bg5 Nbd7 7. Bxf6 Nxf6 8. e3
O-O 9. Nge2 c6 10. O-O Qe8 11. Qc2 Rb8 12. a4 Qf7 13. d5 Bd7 14. f4 Rfc8 15.
Qd2 a6 16. Nd4 c5 17. Nf3 b5 18. Ng5 Qe8 19. axb5 axb5 20. cxb5 Bxb5 21. Nxb5
Rxb5 22. Ne6 Bh8 23. Ra7 Rb4 24. Rb1 Ne4 25. Bxe4 fxe4 26. Qc2 Bf6 27. b3 Qb5
28. g4 h6 29. g5 hxg5 30. fxg5 Be5 31. Qf2 Qe8 32. Qh4 c4 33. Rf1 cxb3 34. Nf8
Qxf8 35. Rxf8+ Kxf8 36. Qh7 Bg7 37. Rxe7 Rc1+ 38. Kg2 Kxe7 39. Qxg7+ Kd8 40.
Qf8+ Kd7 41. Qf7+ Kc8 42. Qe6+ Kb7 43. Qd7+ Rc7 44. Qxd6 Rb6 0-1

[Event "Kieler Open 2017-A"]
[Site "Kiel"]
[Date "2017.07.30"]
[Round "4.30"]
[White "Gutschenreiter, Donato"]
[Black "Wanner, Lukas"]
[Result "0-1"]
[WhiteElo "1714"]
[BlackElo "2008"]
[Annotator "hjh"]
[PlyCount "86"]

1. e4 c5 2. Nf3 g6 3. d4 cxd4 4. Nxd4 Bg7 5. c4 Nc6 6. Be3 Nf6 7. Nc3 O-O 8.
Be2 d6 9. O-O Bd7 10. h3 Nxd4 11. Bxd4 Bc6 12. Qc2 a5 13. Rad1 Nd7 14. Bxg7
Kxg7 15. Rd2 Qb6 16. Nd5 Bxd5 17. exd5 f5 18. Qc3+ Ne5 19. Qd4 Qxd4 20. Rxd4 f4
21. Bg4 h5 22. Be6 g5 23. f3 h4 24. Rc1 b6 25. Rc3 {(=)} a4 26. Ra3 Rfb8 27.
Bf5 Kf6 28. Bb1 Rc8 29. Rc3 Ra5 30. Bc2 Rac5 31. Bxa4 Rxc4 32. Rdxc4 Rxc4 33.
Bb3 Rxc3 34. bxc3 Nd7 35. a3 Ke5 36. Ba4 Nf6 37. c4 Kd4 38. Bb5 Kc5 39. a4 Nh5
40. Kf2 Ng3 41. Bd7 Kxc4 42. Be6 Kd4 43. Ke1 Nh5 0-1

[Event "Kieler Open 2017-A"]
[Site "Kiel"]
[Date "2017.07.30"]
[Round "4.31"]
[White "Voelzke, Ferdinand"]
[Black "Untiedt, Urs Arved"]
[Result "1-0"]
[WhiteElo "2134"]
[BlackElo "1720"]
[Annotator "hjh"]
[PlyCount "95"]

1. Nf3 d5 2. g3 Nf6 3. Bg2 c5 4. O-O Nc6 5. d4 e6 6. c4 Be7 7. cxd5 exd5 8. Nc3
O-O 9. b3 Ne4 10. Bb2 Bf6 11. Rc1 cxd4 12. Na4 Bg4 13. Bxd4 Nxd4 14. Nxd4 Bxd4
15. Qxd4 Bxe2 16. Rfe1 Bb5 17. Nc3 Bc6 18. Nxd5 Bxd5 19. Bxe4 Bxe4 20. Qxd8
Raxd8 21. Rxe4 Rd2 22. Rc7 Rxa2 23. Rxb7 g6 24. Ra4 Rxa4 25. bxa4 Ra8 26. Kg2
Kg7 27. f4 Kf6 28. Kf3 h6 29. g4 Ke6 30. Rc7 a5 31. Rc6+ Kd7 32. Rc5 Ra6 33.
Rb5 Ke6 34. h4 f5 35. Re5+ Kf6 36. g5+ hxg5 37. hxg5+ Kf7 38. Ke3 Kf8 39. Kd4
Rd6+ 40. Kc4 Rc6+ 41. Kb5 Rc3 42. Kxa5 Rc4 43. Kb5 Rxf4 44. a5 Rf1 45. a6 Rb1+
46. Kc6 Ra1 47. Kb6 Rb1+ 48. Rb5 1-0

[Event "Kieler Open 2017-A"]
[Site "Kiel"]
[Date "2017.07.30"]
[Round "4.32"]
[White "Indinger, Alexander"]
[Black "Lenhardt, Manfred"]
[Result "0-1"]
[WhiteElo "1798"]
[BlackElo "2096"]
[Annotator "hjh"]
[PlyCount "73"]

1. e4 g6 2. d4 c6 3. Nf3 Bg7 4. c3 d5 5. Nbd2 Nh6 6. Bd3 O-O 7. exd5 cxd5 8.
O-O Nc6 9. Re1 f6 10. Nf1 Nf7 11. Ng3 e5 12. Bb5 e4 13. Nd2 f5 14. f4 Ne7 15.
Nb3 Qd6 16. Rf1 h5 17. Be3 h4 18. Nh1 Nd8 19. Nf2 Ne6 20. Nh3 Bf6 21. Be2 Kg7
22. Nc5 Nc7 23. g3 Rh8 24. Kg2 b6 25. Nb3 Bd7 26. Ng5 Rh6 27. Rh1 Rah8 28. Qd2
a5 29. Raf1 hxg3 30. hxg3 Rxh1 31. Rxh1 Rxh1 32. Kxh1 Bxg5 33. fxg5 Qxg3 34.
Bf4 Qh3+ 35. Kg1 Ne6 36. Be5+ Kf7 37. c4 0-1

[Event "Kieler Open 2017-A"]
[Site "Kiel"]
[Date "2017.07.30"]
[Round "4.33"]
[White "Bernhardsson, Sten"]
[Black "Degenhardt, Andreas"]
[Result "1-0"]
[WhiteElo "1927"]
[BlackElo "1777"]
[Annotator "hjh"]
[PlyCount "39"]

1. d4 d5 2. Nf3 Nf6 3. c4 e6 4. Nc3 a6 5. e3 b6 6. cxd5 exd5 7. Bd3 Bb7 8. O-O
Ne4 9. Qc2 f5 10. Ne5 Bd6 11. f3 Nxc3 12. bxc3 g6 13. e4 Bxe5 14. dxe5 fxe4 15.
fxe4 d4 16. Bc4 Rf8 17. Rxf8+ Kxf8 18. Qf2+ Kg7 19. Qf7+ Kh8 20. Bg5 1-0

[Event "Kieler Open 2017-A"]
[Site "Kiel"]
[Date "2017.07.30"]
[Round "4.34"]
[White "Weber, Andreas"]
[Black "Terwitte, Heinrich"]
[Result "0-1"]
[WhiteElo "1795"]
[BlackElo "1913"]
[Annotator "hjh"]
[PlyCount "100"]

1. e4 c5 2. d4 cxd4 3. c3 dxc3 4. Nxc3 e6 5. Nf3 Bb4 6. Qd4 Bxc3+ 7. Qxc3 f6 8.
Be2 Nc6 9. a3 Nge7 10. O-O d5 11. Rd1 O-O 12. b4 Qe8 13. b5 dxe4 14. Nd2 Nd5
15. Qb2 Ne5 16. Nxe4 Nf7 17. a4 b6 18. Qb3 Bb7 19. Ng3 Ne5 20. f4 Nd7 21. Ba3
Nxf4 22. Bxf8 Nxe2+ 23. Nxe2 Kxf8 24. Qd3 Nc5 25. Qxh7 e5 26. Qh8+ Kf7 27.
Qxe8+ Rxe8 28. a5 Nb3 29. Ra3 Nxa5 30. Rd7+ Re7 31. Rxe7+ Kxe7 32. Rc3 Kd6 33.
h4 g6 34. g4 f5 35. h5 gxh5 36. gxh5 f4 37. h6 Be4 38. Kf2 Nb7 39. Rc6+ Kd7 40.
Nc3 Bd3 41. Kf3 Nd6 42. Rxd6+ Kxd6 43. Ne4+ Kd5 44. Nf6+ Kd4 45. h7 Bxh7 46.
Nxh7 Kc5 47. Ng5 Kxb5 48. Ke4 Kc4 49. Kxe5 a5 50. Kxf4 a4 0-1

[Event "Kieler Open 2017-A"]
[Site "Kiel"]
[Date "2017.07.30"]
[Round "4.35"]
[White "Karlisch, Moritz"]
[Black "Christensen, Andreas"]
[Result "1/2-1/2"]
[WhiteElo "1887"]
[BlackElo "1809"]
[Annotator "hjh"]
[PlyCount "96"]

1. d4 g6 2. c4 c5 3. Nf3 Nf6 4. Nc3 cxd4 5. Nxd4 Bg7 6. e4 d6 7. Be2 O-O 8. Be3
Nc6 9. O-O Bd7 10. Nc2 Rc8 11. f3 h6 12. Qd2 Kh7 13. Rab1 b6 14. Rfc1 Na5 15.
Na3 Bc6 16. Kh1 Bb7 17. b4 Nc6 18. c5 dxc5 19. Qxd8 Rfxd8 20. bxc5 Nd4 21. Bxd4
Rxd4 22. cxb6 axb6 23. Rxb6 Nxe4 24. fxe4 Rxe4 25. Rxb7 Rxc3 26. Rxc3 Bxc3 27.
Bf1 Re1 28. Rb1 Rxb1 29. Nxb1 Ba5 30. Bc4 Kg7 31. Kg1 e5 32. Kf2 f5 33. Na3 e4
34. Bd5 Bb6+ 35. Ke2 g5 36. Nc4 Ba7 37. a4 h5 38. a5 Kf6 39. a6 h4 40. h3 g4
41. hxg4 fxg4 42. Bxe4 Kg5 43. Ne5 Kf4 44. Nc6 Bb6 45. a7 Bxa7 46. Nxa7 Kxe4
47. Nb5 h3 48. gxh3 gxh3 1/2-1/2

[Event "Kieler Open 2017-A"]
[Site "Kiel"]
[Date "2017.07.30"]
[Round "4.36"]
[White "Kaiser, Johannes"]
[Black "Schmidt, Peter"]
[Result "1-0"]
[WhiteElo "1720"]
[BlackElo "1949"]
[Annotator "hjh"]
[PlyCount "45"]

1. e4 e5 2. Nf3 Nc6 3. d4 exd4 4. Bc4 Nf6 5. e5 d5 6. Bb5 Ne4 7. Nxd4 Bd7 8.
Bxc6 bxc6 9. O-O Bc5 10. c3 Qe7 11. f3 Ng5 12. Nd2 O-O 13. f4 Ne6 14. N2f3 f6
15. f5 Nxd4 16. cxd4 Bxf5 17. exf6 Qxf6 18. dxc5 Rae8 19. Qd4 Qd8 20. Bg5 Qb8
21. Rae1 h6 22. Bd2 Qb5 23. Bc3 1-0

[Event "Kieler Open 2017-A"]
[Site "Kiel"]
[Date "2017.07.30"]
[Round "4.37"]
[White "Berenstein, Alexander"]
[Black "Lubenow, Olaf"]
[Result "0-1"]
[WhiteElo "1997"]
[BlackElo "1703"]
[Annotator "hjh"]
[PlyCount "150"]

1. d4 Nf6 2. g3 g6 3. Bg2 Bg7 4. c4 d6 5. Nc3 O-O 6. e4 e5 7. d5 Kh8 8. Nge2
Ng8 9. f3 a6 10. Be3 f5 11. Qd2 Nd7 12. exf5 gxf5 13. Bg5 Ndf6 14. O-O-O Bd7
15. h4 h6 16. Be3 b5 17. c5 dxc5 18. Bxc5 Re8 19. Qc2 Qc8 20. h5 a5 21. Rh4 Qa6
22. Bh3 b4 23. Nb1 e4 24. Nf4 exf3 25. Nd2 Qc8 26. Nxf3 Ne4 27. Ng6+ Kh7 28.
Bd4 Ngf6 29. Nfe5 Bb5 30. Qg2 c5 31. Be3 c4 32. Rf4 c3 33. Bxf5 cxb2+ 34. Kxb2
Qc3+ 35. Kb1 Nd6 36. Bd4 Qc7 37. Be6 Ba6 38. g4 Bc8 39. Rc1 Qb7 40. Qc2 $18
Bxe6 41. dxe6 $2 Nb5 42. Qf5 Nd6 43. Qd3 $2 Qb5 44. e7 Qxd3+ 45. Nxd3 Nd5 46.
Bxg7 Nxf4 47. Ndxf4 Kxg7 48. Rf1 Rac8 {(=)} 49. Nd5 Ne4 50. Rf4 Nd2+ 51. Kb2
Nc4+ 52. Kb3 Nd6 53. Nf6 Rc3+ 54. Kb2 Rxe7 55. Nxe7 Nc4+ 56. Rxc4 Rxc4 57. Ned5
Rc6 {(=)} 58. Nd7 Rc4 59. N7f6 Rc6 60. Kb3 Rc5 61. Ne8+ Kf7 62. Nec7 Rc1 63.
Ka4 Ra1 64. Kxa5 b3 65. a4 b2 66. Nc3 b1=Q 67. Nxb1 Rxb1 68. Nb5 Kf6 69. Kb6
Kg5 70. a5 Kxg4 71. -- Kxh5 72. a6 Kg4 73. a7 Ra1 74. Nd4 Ra2 75. Nb5 h5 0-1

[Event "Kieler Open 2017-A"]
[Site "Kiel"]
[Date "2017.07.30"]
[Round "4.38"]
[White "Litau, Alexej"]
[Black "Olde, Henning"]
[Result "1-0"]
[WhiteElo "1701"]
[BlackElo "1873"]
[Annotator "hjh"]
[PlyCount "99"]

1. d4 f5 2. Nc3 d5 3. Bg5 c6 4. e3 Nd7 5. Bd3 g6 6. Bxf5 Ndf6 7. Bxc8 Rxc8 8.
Nf3 Nh6 9. O-O Nf7 10. Bh4 Bh6 11. Qd3 O-O 12. e4 dxe4 13. Nxe4 Nd6 14. Nc5 Nf5
15. Ne6 Qd6 16. Nxf8 Nxh4 17. Nxh4 Rxf8 18. Nf3 Ng4 19. g3 Qf6 20. Kg2 Qd6 21.
h3 Nf6 22. c4 g5 23. Ne5 Bg7 24. Rad1 Nh5 25. Qe3 h6 26. Rfe1 b5 27. Qe4 Nf6
28. Qxc6 bxc4 29. Qxd6 exd6 30. Nxc4 d5 31. Ne5 Ne4 32. f3 Nd6 33. b3 h5 34.
Nc6 Nb5 35. a4 Nc3 36. Rd3 Na2 37. Ra1 Rf6 38. Ne7+ Kf7 39. Nxd5 Rd6 40. Rxa2
Rxd5 41. Rad2 Kf6 42. Kf2 Kf5 43. Ke3 g4 44. hxg4+ hxg4 45. fxg4+ Kxg4 46. Ke4
Rd7 47. Rf2 a5 48. Rf4+ Kg5 49. Rf5+ Kg4 50. Rxa5 1-0

[Event "Kieler Open 2017-A"]
[Site "Kiel"]
[Date "2017.07.30"]
[Round "4.39"]
[White "Strätker, Sebastian"]
[Black "Eberhardt, Michael"]
[Result "1/2-1/2"]
[WhiteElo "1887"]
[BlackElo "1812"]
[Annotator "hjh"]
[PlyCount "96"]

1. Nf3 Nf6 2. g3 b6 3. Bg2 Bb7 4. O-O e6 5. d4 c5 6. c3 Be7 7. Bf4 d5 8. Nbd2
O-O 9. Ne5 Nh5 10. Be3 f6 11. Nd3 cxd4 12. cxd4 f5 13. Nf3 Nc6 14. Nde5 Nxe5
15. Nxe5 Nf6 16. Bg5 Nd7 17. Bxe7 Qxe7 18. Nd3 e5 19. dxe5 Nxe5 20. Nf4 Rad8
21. Qb3 Qf7 22. Rfd1 Rd7 23. Bxd5 Bxd5 24. Rxd5 Rxd5 25. Nxd5 Kh8 26. Rc1 Qe8
27. Qa3 Rf7 28. Qa6 Rd7 29. Rc8 Rd8 30. Rxd8 Qxd8 31. Nc3 g5 32. Qxa7 f4 33.
Qb7 Ng6 34. Qd5 Qf6 35. Ne4 Qxb2 36. Nxg5 Qxe2 37. Qf7 Qe1+ 38. Kg2 Qe7 39.
Qxe7 Nxe7 40. gxf4 Nd5 41. Ne6 Nc3 42. f5 Kg8 43. Kf3 Nxa2 44. Kf4 Nc3 45. Ke5
b5 46. f6 b4 47. Nd4 Kf7 48. f3 Nd1 1/2-1/2

[Event "Kieler Open 2017-A"]
[Site "Kiel"]
[Date "2017.07.30"]
[Round "4.40"]
[White "Vorsilka, Jiri"]
[Black "Fleischmann, Yannic"]
[Result "0-1"]
[WhiteElo "1593"]
[BlackElo "1614"]
[Annotator "hjh"]
[PlyCount "86"]

1. e4 e5 2. Nf3 Nc6 3. d4 exd4 4. Bc4 Nf6 5. e5 d5 6. Bb5 Ne4 7. Nxd4 Bd7 8.
Bxc6 bxc6 9. O-O Be7 10. f3 Ng5 11. f4 Ne4 12. Nd2 Nxd2 13. Bxd2 c5 14. Nf3 O-O
15. h3 c6 16. g4 f6 17. Qe2 fxe5 18. Nxe5 Bf6 19. Qg2 Re8 20. Nxd7 Qxd7 21. c3
d4 22. g5 Bd8 23. f5 Rf8 24. Qe4 dxc3 25. Bxc3 Bxg5 26. Rad1 Qc7 27. Be5 Qf7
28. Qxc6 Be3+ 29. Kh1 Qh5 30. Qg2 Qg5 31. Qxg5 Bxg5 32. Rd7 Rf7 33. Rxf7 Kxf7
34. Kg2 Rd8 35. Kg3 Bf6 36. Bxf6 Kxf6 37. Kg4 Rd5 38. Rf2 a5 39. b3 h5+ 40.
Kxh5 Rxf5+ 41. Rxf5+ Kxf5 42. Kh4 a4 43. b4 c4 0-1

[Event "Kieler Open 2017-A"]
[Site "Kiel"]
[Date "2017.07.30"]
[Round "4.41"]
[White "Quiring, Nikolai"]
[Black "Sasaki, Yu"]
[Result "0-1"]
[WhiteElo "2007"]
[BlackElo "1632"]
[Annotator "hjh"]
[PlyCount "116"]

1. d4 d5 2. c4 e6 3. Nc3 Nf6 4. cxd5 exd5 5. Bg5 Be7 6. Qc2 c6 7. e3 Nbd7 8.
Bd3 h6 9. Bh4 O-O 10. f3 Re8 11. Bf2 c5 12. Nge2 cxd4 13. exd4 Nf8 14. O-O Bd7
15. Qb3 Bc6 16. Bb5 Rb8 17. Bxc6 bxc6 18. Qc2 Qb6 19. Na4 Qb5 20. Nec3 Qb7 21.
Rfe1 Ne6 22. Re2 Bd6 23. Rae1 Qc7 24. g3 Rec8 25. Qf5 Rb4 26. Rd1 Rd8 27. a3
Rb3 28. Be3 Nh7 29. Kg2 Be7 30. Rc1 Qb7 31. Rd1 Bf6 32. Bf2 Nhf8 33. h4 c5 34.
dxc5 d4 35. Ne4 Qa6 36. Nxf6+ gxf6 37. Re4 Ng7 38. Rg4 Ng6 39. Rxg6 fxg6 40.
Qxg6 Qxa4 41. Qxf6 Rf8 42. Qxd4 Qxd4 43. Bxd4 Ne6 44. Bc3 Nxc5 45. Rd4 Ne6 46.
Rd6 Rb6 47. Rd2 a6 48. Re2 Kf7 49. f4 Rb5 50. Be5 Rd8 51. Bc3 Rd3 52. Re4 Nc7
53. Ra4 Rb3 54. g4 Nd5 55. Be5 Rd2+ 56. Kh1 Re3 57. Bd4 Re1+ 58. Bg1 Rdd1 0-1

[Event "Kieler Open 2017-A"]
[Site "Kiel"]
[Date "2017.07.30"]
[Round "4.42"]
[White "Hoppe, Marc"]
[Black "Neuendorf, Max"]
[Result "0-1"]
[WhiteElo "1732"]
[BlackElo "1892"]
[Annotator "hjh"]
[PlyCount "106"]

1. d4 d5 2. Nf3 Nf6 3. Bf4 c5 4. e3 Nc6 5. c4 Qb6 6. Qb3 Na5 7. Qxb6 axb6 8.
Nbd2 Bd7 9. Be2 dxc4 10. Bxc4 b5 11. Bb3 c4 12. Bc2 Nd5 13. Bg3 e6 14. O-O c3
15. bxc3 Nxc3 16. Ne4 b4 17. Ne5 Bb5 18. Rfe1 f6 19. Nxc3 bxc3 20. Nd3 Nc4 21.
a4 Ba6 22. Nc5 Bxc5 23. dxc5 O-O-O 24. Bb3 Rd2 25. Rac1 Rd3 26. Red1 Rhd8 27.
Bd6 Rxd1+ 28. Rxd1 Nxd6 29. cxd6 Kd7 30. f3 Rc8 31. Kf2 c2 32. Rc1 Rc3 33. Rxc2
Rxb3 34. Rc7+ Kxd6 35. Rxg7 Ra3 36. Rg4 Bd3 37. Rd4+ Ke7 38. Rb4 Ba6 39. Rh4 h6
40. Rb4 Kf7 41. g4 Ra2+ 42. Kg3 Re2 43. e4 Rc2 44. h4 e5 45. g5 fxg5 46. hxg5
hxg5 47. Kg4 Kg6 48. Rb6+ Rc6 49. Rb4 Rf6 50. a5 Be2 51. Rb3 Rxf3 52. Rxf3
Bxf3+ 53. Kxf3 Kh5 0-1

[Event "Kieler Open 2017-A"]
[Site "Kiel"]
[Date "2017.07.30"]
[Round "4.43"]
[White "Samuelson, Bernd"]
[Black "Krieglstein, Marcel"]
[Result "0-1"]
[WhiteElo "1438"]
[BlackElo "1930"]
[Annotator "hjh"]
[PlyCount "54"]

1. e4 d5 2. exd5 Qxd5 3. Nc3 Qa5 4. d4 Nf6 5. Be2 c6 6. Bd2 Qb6 7. Bc1 Bf5 8.
Nf3 e6 9. O-O Bb4 10. Na4 Qc7 11. Nc3 Nbd7 12. h3 h6 13. Bd3 Bxd3 14. Qxd3
O-O-O 15. Qc4 Bd6 16. Be3 g5 17. Bxg5 hxg5 18. Nxg5 Nb6 19. Qd3 Rdg8 20. Nce4
Nxe4 21. Nxe4 Bf4 22. Qf3 f5 23. Nc3 Nc4 24. Rfe1 Nd2 25. Qe2 Rxg2+ 26. Kxg2
Qg7+ 27. Kh1 Rxh3# 0-1

[Event "Kieler Open 2017-A"]
[Site "Kiel"]
[Date "2017.07.30"]
[Round "4.44"]
[White "Rohmann, Volker"]
[Black "Oltmanns, Marc"]
[Result "1/2-1/2"]
[WhiteElo "1818"]
[BlackElo "1679"]
[Annotator "hjh"]
[PlyCount "74"]

1. e4 e5 2. Nf3 Nc6 3. Bb5 Bc5 4. O-O Nge7 5. c3 a6 6. Ba4 b5 7. Bb3 d6 8. d4
exd4 9. cxd4 Bb6 10. h3 O-O 11. Bg5 Qd7 12. Nc3 h6 13. Be3 Bb7 14. Qd2 Kh7 15.
a3 Na5 16. Ba2 Nc4 17. Bxc4 bxc4 18. Rac1 f5 19. Qc2 fxe4 20. Nxe4 Bxe4 21.
Qxe4+ Ng6 22. Nh4 Qe8 23. Qxg6+ Qxg6 24. Nxg6 Kxg6 25. Rxc4 Rf5 26. a4 Kf7 {(=)
} 27. b4 a5 28. b5 Ke6 29. g4 Rf7 30. Rd1 Kd5 31. Rc2 Re8 32. Kg2 Re4 33. Rc3
Rf8 34. f3 Re6 35. h4 Ref6 36. Bf2 Rf4 37. Kg3 R4f7 1/2-1/2

[Event "Kieler Open 2017-A"]
[Site "Kiel"]
[Date "2017.07.30"]
[Round "4.45"]
[White "Koedijk, Klaas Jan"]
[Black "Isler, Benjamin"]
[Result "1/2-1/2"]
[WhiteElo "1311"]
[BlackElo "1897"]
[Annotator "hjh"]
[PlyCount "84"]

1. e4 e6 2. d4 d5 3. Nd2 c5 4. c3 cxd4 5. cxd4 Bb4 6. e5 Nc6 7. Ngf3 Qb6 8. a3
Be7 9. Nb3 a5 10. Qc2 f6 11. Be3 a4 12. exf6 Bxf6 13. Nc5 Qa5+ 14. Bd2 Qa7 15.
Bb5 Nge7 16. Qxa4 O-O 17. Qxa7 Nxa7 18. Bd3 Nac6 19. Bc3 Na5 20. Bc2 b6 21. Nb3
Nc4 22. Nbd2 Bb7 23. O-O Nc6 24. Nxc4 dxc4 25. Rfe1 Rfe8 26. Rad1 Rad8 27. Ba4
Re7 28. Bb5 Na5 29. Ne5 Bd5 30. Bxa5 bxa5 31. Nxc4 Rb8 32. a4 Bxc4 33. Bxc4
Rxb2 34. Rxe6 Rxe6 35. Bxe6+ Kf8 36. Kf1 Rb4 37. Bd7 Bxd4 38. Ke2 Rb2+ 39. Rd2
Rxd2+ 40. Kxd2 Bxf2 41. Ke2 Ke7 42. Bb5 Bc5 1/2-1/2

[Event "Kieler Open 2017-A"]
[Site "Kiel"]
[Date "2017.07.30"]
[Round "4.46"]
[White "Bernard, Adrian"]
[Black "Witt, Holger"]
[Result "1-0"]
[WhiteElo "1745"]
[BlackElo "1578"]
[Annotator "hjh"]
[PlyCount "65"]

1. d4 Nf6 2. c4 g6 3. Nc3 Bg7 4. e4 d6 5. Bd3 O-O 6. Nge2 c5 7. d5 e6 8. O-O
exd5 9. cxd5 a6 10. a4 Ng4 11. h3 Ne5 12. Bc2 Bxh3 13. gxh3 Nf3+ 14. Kg2 Nh4+
15. Kh1 Nd7 16. f4 Qe7 17. Ng3 f5 18. exf5 Nxf5 19. Nxf5 gxf5 20. Qf3 Kh8 21.
Bd2 Bd4 22. Rae1 Qh4 23. Be3 Rae8 24. Kh2 Qf6 25. Bf2 Bxc3 26. Qxc3 Qxc3 27.
bxc3 Nf6 28. c4 Ne4 29. Bxe4 fxe4 30. Be3 Rf5 31. Rb1 Re7 32. Rb6 Rf6 33. Bxc5
1-0

[Event "Kieler Open 2017-A"]
[Site "Kiel"]
[Date "2017.07.30"]
[Round "4.47"]
[White "Rommeck, Christiane"]
[Black "Henschen, Patrick"]
[Result "0-1"]
[WhiteElo "1616"]
[BlackElo "1720"]
[Annotator "hjh"]
[PlyCount "96"]

1. e4 c6 2. d4 d5 3. exd5 cxd5 4. Bb5+ Bd7 5. Bxd7+ Nxd7 6. Nf3 Ngf6 7. O-O e6
8. Nc3 Be7 9. Re1 O-O 10. Bf4 a6 11. Ne5 Nb6 12. b3 Nc8 13. Re3 Nd6 14. Rh3 Rc8
15. Qd3 g6 16. Re1 Nde4 17. Nxe4 Nxe4 18. Bh6 Re8 19. Qf3 Bf6 20. Re2 Rc3 21.
Qg4 Qe7 22. Rxc3 Nxc3 23. Re3 Nxa2 24. Qf4 Bg7 25. Bxg7 Kxg7 26. Ng4 h5 27.
Qh6+ Kg8 28. Ne5 Qf8 29. Qf4 Qg7 30. Rf3 Re7 31. Qg5 f5 32. Qxg6 Qxg6 33. Nxg6
Rc7 34. h4 Rxc2 35. Nf4 Kf7 36. Nxh5 Nc3 37. Nf4 Ne4 38. Nd3 Rd2 39. g3 Kf6 40.
Kg2 a5 41. g4 b5 42. g5+ Kf7 43. Ne5+ Kg7 44. g6 Nf6 45. Rc3 Rxd4 46. Rc7+ Kh6
47. Rc8 Re4 48. Rh8+ Kg7 0-1

[Event "Kieler Open 2017-A"]
[Site "Kiel"]
[Date "2017.07.30"]
[Round "4.48"]
[White "Wenske, Hardy"]
[Black "Behrendt, Matthias"]
[Result "0-1"]
[WhiteElo "1826"]
[BlackElo "1703"]
[Annotator "hjh"]
[PlyCount "110"]

1. Nf3 Nf6 2. d4 e6 3. e3 b6 4. Bd3 Bb7 5. Nbd2 c5 6. O-O Be7 7. Re1 d5 8. c3
O-O 9. Qe2 Ne4 10. Nf1 Nd7 11. N3d2 Ndf6 12. f3 Nxd2 13. Bxd2 Re8 14. Rad1 Qc7
15. Rc1 Rad8 16. Qf2 e5 17. dxe5 Qxe5 18. Kh1 c4 19. Bc2 Bc5 20. Qg3 Qxg3 21.
Nxg3 g6 22. Re2 Rd6 23. Rce1 Rde6 24. Kg1 h5 25. Kf1 h4 26. Nh1 Nd7 27. Ba4
R8e7 28. Bxd7 Rxd7 29. Nf2 Bd6 30. Kg1 f5 31. Nh3 Be7 32. f4 Bf6 33. Kf2 a5 34.
Ng1 g5 35. fxg5 Bxg5 36. Nf3 Rg7 37. Nxg5 Rxg5 38. e4 Rh5 39. exf5 Rxf5+ 40.
Kg1 Re4 {(=)} 41. Be3 b5 42. Bd4 Kf7 43. Rxe4 dxe4 44. Rf1 Kg6 45. Rxf5 Kxf5
46. Kf2 Bd5 47. g3 Kg4 48. Be5 hxg3+ 49. Bxg3 b4 50. Ke3 a4 51. Kd4 a3 52. bxa3
b3 53. axb3 cxb3 54. Kxd5 e3 55. Kd4 Kf3 0-1

[Event "Kieler Open 2017-A"]
[Site "Kiel"]
[Date "2017.07.30"]
[Round "4.49"]
[White "Rempe, Jonas"]
[Black "Helmich, Jörg"]
[Result "1/2-1/2"]
[WhiteElo "1749"]
[BlackElo "1722"]
[Annotator "hjh"]
[PlyCount "61"]

1. e4 e6 2. d4 d5 3. exd5 exd5 4. Nf3 Bd6 5. c4 dxc4 6. Bxc4 Qe7+ 7. Be3 Bg4 8.
O-O Nc6 9. Re1 O-O-O 10. Bg5 Qxg5 11. Nxg5 Bxd1 12. Nxf7 Bh5 13. Nxd8 Kxd8 14.
Be2 Bxe2 15. Rxe2 Nf6 16. Nc3 Nxd4 17. Rd2 Nf5 18. Nb5 a6 19. Nxd6 Nxd6 20. f3
Re8 21. Kf2 Kc8 22. Rc1 Kb8 23. Rdc2 c6 24. Rd2 Nfe4+ 25. fxe4 Nxe4+ 26. Ke2
Nxd2+ 27. Kxd2 Rf8 28. Ke3 Re8+ 29. Kd2 Rf8 30. Ke3 Re8+ 31. Kd2 1/2-1/2